3-Letter Words Containing K - Statistics

General Stats
  • This quiz has been taken 180 times
    171 since last reset
  • The average score is 13 of 26
Answer Stats
word % Correct
kit
85%
key
76%
kin
75%
kip
70%
ask
63%
ken
63%
kid
63%
ark
60%
keg
54%
oak
54%
ink
51%
eke
50%
sky
48%
kea
46%
ski
46%
elk
41%
koi
39%
ilk
36%
ska
36%
uke
36%
eek
35%
yak
34%
irk
31%
auk
28%
wok
21%
dak
17%
No matching quizzes found
Score Distribution
Percent of People with Each Score
Percentile by Number Answered
Your Score History
You have not taken this quiz since the last reset